| 000 | 00642nam a2200205 i 4500 | ||
|---|---|---|---|
| 001 | 25300 | ||
| 003 | ES-MaACL | ||
| 005 | 20230906153231.0 | ||
| 007 | t| | ||
| 008 | 021223s1949 sp ||||1| spa d | ||
| 100 | 1 |
_aAranda Heredia, Eladio. _922287 |
|
| 245 | 1 | 3 |
_aEl tractor / _cpor Eladio Aranda Heredia. |
| 250 | _a2ª ed. | ||
| 260 |
_aMadrid : _bManuel Marín y G. Campo, _c1949 ( _fGráf. Modernas) |
||
| 300 |
_a330 p. : _bil. ; _c16 cm. |
||
| 490 | 1 | _aFuentes de riqueza. Biblioteca agropecuaria | |
| 830 | 0 |
_aFuentes de riqueza. Biblioteca agropecuaria _9182617 |
|
| 852 |
_aES-MaACL _jD-5757 _bR.26573 |
||
| 999 |
_c25300 _d25300 |
||